Missa dels muntanyencs : XIV certamen literari / [acte organitzat pel Foment Excursionista de Barcelona i patrocinat per la Federació Catalana de Muntanyisme] XIV certamen literari / [acte organitzat pel Foment Excursionista de Barcelona i patrocinat per la Federació Catalana de Muntanyisme]
Descripción Física:
1 díptic ; 16 cm
MARC
| LEADER | 00000nam a2200000Ia 4500 | ||
|---|---|---|---|
| 001 | 20526 | ||
| 003 | BGR | ||
| 005 | 20260324180110.0 | ||
| 008 | 160829s1976 xx 000 0 cat d | ||
| 080 | |a FU-12-65 | ||
| 245 | |a Missa dels muntanyencs : |b XIV certamen literari / [acte organitzat pel Foment Excursionista de Barcelona i patrocinat per la Federació Catalana de Muntanyisme] | ||
| 260 | |a Barcelona : |b Imp. Peris, |c 1976 | ||
| 300 | |a 1 díptic ; |c 16 cm | ||
| 590 | |a A la portada: Església de les Llars Mundet a la Vall d'Hebron | ||
| 650 | |a Certamens literaris |9 46242 | ||
| 650 | |a Alpinisme |9 46243 | ||
| 710 | 2 | |a Federació d’Entitats Excursionistes de Catalunya |9 52821 | |
| 710 | 2 | |a Foment Excursionista de Barcelona |9 70893 | |
| 901 | |a Arxiu | ||
| 942 | |n 1 |2 udc |c MON | ||
| 952 | |0 0 |1 0 |4 0 |6 FU1265 |7 1 |9 53103 |a Arxiu |b Arxiu |d 2016-12-01 |l 0 |o FU-12-65 |p 20526 |r 2016-12-01 00:00:00 |w 2016-12-01 |y ARXIU | ||
| 999 | |c 56952 |d 56952 | ||